000 00430nam a2200169Ia 4500
003 OSt
005 20260309103418.0
008 211028s2011 xx 000 0 und d
040 _cAIMIT LIBRARY
041 _aeng
100 _aBallal, Raksha; R, Manimozhi.
_g81724
_93405
110 _aKavitha R.
_93406
245 _aOnline banking system /
260 _aBangalore
_c2011
710 _aMetric Stream
_93407
942 _2ddc
_cPRO
999 _c217221
_d217221